| 000 | 00686nam a2200205 a 4500 | ||
|---|---|---|---|
| 001 | BRL_59 | ||
| 005 | 20190320210554.0 | ||
| 008 | 031012s1990----mx-a######---#000-0#spa-# | ||
| 041 | _aspa | ||
| 044 | _amx | ||
| 050 | 4 |
_aF1232 _b.M37 1990 |
|
| 245 | 1 | 0 |
_aMas si osare un extraño enemigo... _blas invasiones norteamericanas a México y Panamá : catálogo de la exposición. |
| 260 |
_aVeracruz, Ver. _bInstituto Veracruzano de Cultura _c[1990] |
||
| 300 |
_a72 p. _bil. _c20 cm. |
||
| 500 | _aAu81 | ||
| 651 | 4 |
_aMéxico _xHistoria _yInvasión norteamericana, 1846-1848. _922792 |
|
| 651 | 4 |
_aPanamá _xHistoria _yInvasión estadounidense, 1989. _922793 |
|
| 902 | _aGRL | ||
| 942 |
_2lcc _cB |
||
| 999 |
_c8872 _d8872 |
||